000
00282nam a22001097a 4500
008
160415b xxu||||| |||| 00| 0 eng d
020
_a
0763709107
041
_a
eng
080
_a
612.39
245
_a
Discovering nutrition :
_c
Paul Insel; R. Elaine Turner; Don Ross;
942
_2
udc
_c
BK
999
_c
1419
_d
1419